Logo BPK

Biblioteka

Politechniki Koszalińskiej

Practical English Usage : (Rekord nr 48999)

Szczegóły MARC
000 -ETYKIETA REKORDU
podpole kontrolne o stałej długości 00617nam a2200217 i 4500
001 - NUMER KONTROLNY REKORDU
pole kontrolne bgj
020 ## - MIĘDZYNARODOWY ZNORMALIZOWANY NUMER KSIĄŻKI - ISBN
ISBN 0194313484
040 ## - ŹRÓDŁO KATALOGOWANIA
Instytucja, która utworzyła rekord BPK
041 0# - KOD JĘZYKA
Kod języka tekstu eng
920 ## - Międzynarodowy znormalizowany numer książki – ISBN
ISBN 0-19-431348-4
008 - POLE O STAŁEJ DŁUGOŚCI - DANE KONTROLNE
podpole kontrolne o stałej długości s uk f |000 0 eng
100 1# - NAZWA OSOBOWA
Nazwa osobowa SWAN, Michael
245 10 - TYTUŁ/ODPOWIEDZIALNOŚĆ
Tytuł Practical English Usage :
Ciąg dalszy tytułu international student's edition /
Pozostałe elementy strefy tytułu i oznaczenia odpowiedzialności Michael Swan.
250 ## - STREFA WYDANIA
Oznaczenie wydania International Student's Edition.
260 ## - STREFA ADRESU WYDAWNICZEGO
Miejsce wydania Oxford :
Nazwa wydawcy/dystrybutora Oxford University Press,
Data publikacji, dystrybucji/powstania dokumentu 1996.
300 ## - STREFA OPISU FIZYCZNEGO
Objętość 654 pp ;
Rozmiary 24 cm.
505 ## - SFORMALIZOWANA UWAGA DOTYCZĄCA ZAWARTOŚCI
Pełny tekst uwagi Includes index.
650 #9 - HASŁO PRZEDMIOTOWE W FORMIE NAZWY OGÓLNEJ LUB JEDNOSTKOWEJ
Nazwa ogólna lub geograficzna English language
Określnik ogólny Grammar
655 ## - TERMIN INDEKSOWY - OKREŚLENIE RODZAJU/FORMY DOKUMENTU
Określenie rodzaju/formy dokumentu Textbooks for foreigners
942 ## - DODATKOWE ELEMENTY (KOHA)
Typ dokumentu Książka
Egzemplarze
Wycofany Status egzemplarza Uszkodzony Dostępność Lokalizacja stała Lokalizacja bieżąca Miejsce przechowywania Sygnatura Kod kreskowy Typ dokumentu
      Dostępny Biblioteka Politechniki Koszalińskiej Biblioteka Politechniki Koszalińskiej Wypożyczalnia Językowa KA 6381 09047426 Książka
© 2023 Biblioteka Politechniki Koszalińskiej :: KOHA